000 00713nam a2200253Ia 4500
003 OSt
005 20220924124720.0
006 a|||||r|||| 00| 0
007 ta
008 220923b |||||||| |||| 00| 0 urd d
020 _c16.50
024 _a323021
037 _cTextual
040 _aARTS
_cARTS
_burd
041 _2urd
_aurd
082 _aV2,1wH, 168M0
100 _aLal K.S. Au.
_9196752
245 0 _aKhilji khandan
260 _aNew Delhi
_b Taraqqi urdu beuro India
_c1980
650 _aINDIA - HISTORY
700 _a Siddiqui Mohammad Yaseen Tr.
_9196753
942 _hV2,1wH, 168M0
_cTEXL
_2CC
999 _c420696
_d420696